55 Most Famous Cities in Switzerland on a Map - Statistics

General Stats
  • This quiz has been taken 203 times
  • The average score is 27 of 58
Answers on the Map
Answers color-coded by a green-red scale on the quiz's map according to % correct below.
 
Answer Stats
Wiki Monthly Views Cityquiz Mention Rate Population Answers % Correct
215.19K 45.40% 433.99K Zurich
99%
145.73K 48.30% 136.99K Bern
98%
229.38K 38.96% 206.63K Geneva
97%
128.52K 19.31% 176.33K Basel
94%
84.74K 11.89% 144.16K Lausanne
92%
69.07K 10.17% 85.53K Lucerne
88%
58.79K 7.89% 63.49K Lugano
85%
39.27K 6.17% 78.21K St. Gallen
79%
20.78K 2.33% 119.31K Winterthur
74%
26.51K 3.28% 44.90K Neuchâtel
70%
22.43K - 55.93K Biel/Bienne
68%
26.61K 4.49% 38.66K Fribourg
68%
25.79K 3.22% 38.95K Chur
65%
42.28K 2.71% 4.93K St. Moritz
65%
53.76K 2.67% 10.80K Davos
63%
22.63K 2.75% 32.00K Zug
63%
25.26K 2.23% 38.67K Schaffhausen
62%
13.54K 2.43% 43.91K Thun
61%
37.50K 1.78% 6.02K Zermatt
59%
22.79K 4.23% 36.62K Sion
58%
13.39K 1.38% 22.29K Aarau
56%
19.90K 2.15% 16.39K Locarno
54%
7.78K 1.17% 16.18K Schwyz
52%
24.52K 2.32% 6.00K Interlaken
51%
6.62K 0.69% 6.01K Appenzell
50%
17.84K 1.60% 44.74K Bellinzona
50%
32.50K 2.56% 26.83K Montreux
46%
15.94K 0.87% 16.86K Solothurn
44%
6.61K 0.56% 12.76K Glarus
40%
14.44K 1.67% 23.02K Nyon
40%
6.84K 0.59% 26.75K Frauenfeld
39%
9.58K 0.68% 20.43K Baden
38%
6.57K 0.51% 12.74K Delémont
35%
7.95K 0.60% 18.71K Olten
35%
19.16K 0.65% 20.14K Vevey
35%
24.70K 0.74% 3.83K Grindelwald
34%
8.35K 0.98% 13.98K Brig-Glis
33%
8.21K 0.58% 30.20K Yverdon-les-Bains
33%
18.88K 0.44% 2.31K Lauterbrunnen
31%
8.33K 0.70% 7.57K Chiasso
30%
8.36K 0.80% 21.76K Martigny
29%
17.80K 0.41% 37.23K La Chaux-de-Fonds
28%
6.50K 0.83% 24.97K Baar
27%
8.86K 0.23% 1.59K Saas-Fee
25%
8.86K 0.34% 5.38K Ascona
24%
20.90K 0.57% 9.20K Gstaad
23%
7.46K 0.25% 17.72K Morges
23%
15.68K - 10.49K Crans-Montana
22%
7.51K 0.14% 16.46K Einsiedeln
21%
9.00K 0.47% 4.38K Engelberg
21%
8.09K 0.38% 1.59K Andermatt
20%
8.30K - 1.30K Wengen
20%
10.38K 0.30% 2.00K Verbier
17%
8.68K 0.13% 0.76K Samnaun
16%
7.95K 0.30% 14.02K Gland
14%
12.11K 0.11% 15.16K Küsnacht
9%
15.52K 0.65% 0.43K Habsburg
8%
7.37K - 1.93K Tolochenaz
8%
No matching quizzes found
Score Distribution
Percent of People with Each Score
Percentile by Number Answered
Your Score History
You have not taken this quiz